| 000 | 01136nam a2200241Ii 4500 | ||
|---|---|---|---|
| 003 | JO-AjNU | ||
| 005 | 20240625091528.0 | ||
| 008 | 230605s9999||||xx |||||||||||||| ||und|| | ||
| 040 |
_aJO-AjNU _bara _erda _cJO-AjNU |
||
| 041 | _aara | ||
| 050 | 1 | 4 | _aHD58.8 2021 |
| 100 | 1 |
_aالتل، اسماء عبد الرحمن _eمعد _965566 |
|
| 245 | 0 | 0 | _aأثر ادارة التغيير في بناء الأدوار القيادية لدى العاملين في شركة مصانع الأدوية البيطرية والزراعية فابكو =The Impact of change Management On Building Leadership Roles among the employees of Vapco Manufacturing CO.LTD / |
| 260 | _c2021 | ||
| 300 | _a103 ورقة | ||
| 336 |
_atext _btxt _2rdacontent |
||
| 337 |
_aunmediated _bn _2rdamedia |
||
| 338 |
_avolume _bnc _2rdacarrier |
||
| 500 | _aرسالة جامعية(اطروحة ماجستير) جامعة عجلون الوطنية، كلية ادارة الاعمال، تخصص ادارة الاعمال، 2021 | ||
| 650 | 7 | 4 |
_aادارة التغيير _962404 |
| 700 | 1 |
_aالقعيد، بدر عايد _964879 _eمشرف |
|
| 942 |
_2lcc _cTHS |
||
| 999 |
_c31824 _d31824 |
||